01642nam a2200325Ia 4500001001200000003000800012006001900020007001500039008004100054020001800095020001500113040002100128035002100149050002700170245041300197260005500610300002200665504004100687533015200728650003900880650003500919650002000954650002200974655002900996710003601025710009701061710001701158856012601175999001501301ebr10279997CaPaEBRm u cr cn|||||||||081125s2008 dcua sb f000 0 eng d z9780309130066 z0309130069 aCaPaEBRcCaPaEBR a(OCoLC)56785397614aQC981.8.C5bN49 2008eb00aNew directions in climate change vulnerability, impacts, and adaptation assessmenth[electronic resource] :bsummary of a workshop /cJennifer F. Brewer, Rapporteur Subcommittee on New Directions in Vulnerability, Impacts, and Adaptation Assessment, Committee on Human Dimensions of Global Change, Division of Behavioral and Social Sciences and Education, National Research Council of the National Academies. aWashington, DC :bNational Academies Press,c2008. aix, 33 p. :bill. aIncludes bibliographical references. aElectronic reproduction.bPalo Alto, Calif. :cebrary,d2009.nAvailable via World Wide Web.nAccess may be limited to ebrary affiliated libraries. 0aClimatic changesxRisk assessment. 0aEnvironmental risk assessment. 0aGlobal warming. 0aClimatic changes. 7aElectronic books.2local2 aNational Academies Press (U.S.)2 aNational Research Council (U.S.).bDivision of Behavioral and Social Sciences and Education.2 aebrary, Inc.40uhttp://site.ebrary.com/lib/rucke/Doc?id=10279997zAn electronic book accessible through the World Wide Web; click to view c3991d3991